Caso Aguinda vs. Chevron-Texaco

Bibliographic Details
Main Author: Suba̕ Cabrera, Andrea Carolina
Other Authors: Mendoza, Pablo Ricardo, Proaǫ, Santiago
Format: eBook
Language:Spanish
Published: Quito: Editorial Acadm̌ica Espaǫla, 2019
Subjects:
Online Access:Acceso restringido

MARC

LEADER 00000nam a22000007a 4500
005 20191004123925.0
007 cr|||| ||||
008 191004s2019 ec |||||s|||| 00||0 spa d
020 |a 9786200021878 
035 |a 29256 
040 |a vLex 
090 |c 9715  |d 9715 
100 1 |a Suba̕ Cabrera, Andrea Carolina 
245 1 0 |a Caso Aguinda vs. Chevron-Texaco  |h [Recurso electrn̤ico] /  |c Andrea Carolina Suba̕ Cabrera, Pablo Ricardo Mendoza, Santiago Proaǫ 
256 |a Servicio en ln̕ea 
260 |a Quito:  |b Editorial Acadm̌ica Espaǫla,  |c 2019 
300 |a 1 recurso electrn̤ico 
500 |a El libro tiene como objetivo analizar la reparacin̤ integral en conflictos ambientales causados causados por transnacionales petroleras dentro de los territorios de los pueblos y comunidades indg̕enas ecuatorianas, en especf̕ico atendiendo a los derechos de la Naturaleza como sujeto de derechos y los derechos de las vc̕timas, desde una perspectiva del Derecho Internacional de los Derechos Humanos y del Constitucionalismo Ambiental Latinoamericano, donde resalta la cosmovisin̤ andina, la epistemologa̕ del sur y el enfoque de derechos humanos como base de la investigacin̤ que sustenta esta publicacin̤. Esta publicacin̤ es posible gracias al apoyo de la Universidad de Otavalo. 
506 1 |a Disponible solo en los productos indicados  |d vLex Global  |d vLex Global (Academic Edition, excluding Law Schools)  |d vLex Global (U.S. Academic Edition, Law Schools)  |d vLex Global (U.S. Academic Edition, excluding Law Schools)  |d vLex Global (Academic Edition, Law Schools) 
650 0 4 |a Derecho Pb︢lico y Administrativo  |z Ecuador 
700 1 |a Mendoza, Pablo Ricardo 
700 1 |a Proaǫ, Santiago 
740 0 |a vLex Libros (Servicio en ln̕ea) 
856 4 0 |u http://vlex.com/source/29256  |z Acceso restringido 
942 |c BOOK 
999 0 |a Public and Administrative Law